| 000 | 00818nam a2200289Ia 4500 | ||
|---|---|---|---|
| 001 | Z_2014 | ||
| 003 | CHAP | ||
| 008 | 220113s1997 xx 000 0 und d | ||
| 010 | _a165087 | ||
| 040 | _cCHAP | ||
| 090 | _aFolleto 356 | ||
| 100 | 0 |
_aCavallotti Vázquez, Beatriz Aurelia _920593 |
|
| 245 |
_aLa ganadería de bovinos de carne en México y el TLC / _cpor Beatriz Cavalloti Vázquez y Víctor Herminio Palacio Muñoz |
||
| 260 |
_aChapingo, Méx. : _bUACH. :, _bCIESTAM, _c1997 |
||
| 300 | _a17 p. | ||
| 440 | _a | ||
| 500 | _a | ||
| 503 | _a | ||
| 650 |
_aGanadería _xAspectos económicos I. Palacio Muñoz, Víctor Herminio II. t. _9139109 |
||
| 650 |
_aGanado de carne _945067 |
||
| 901 | _aFolleto 356 | ||
| 902 | _aA | ||
| 910 | _a1997 | ||
| 942 | _cc14 | ||
| 942 | _cc14 | ||
| 999 |
_c165087 _d165087 |
||